Quizzes
Events
Quiz Creation
Community
Videos
Private Events
Remove Ads
Sign In
Join for FREE
Feedback
Dark Mode
Quiz Categories
Sports
Geography
Music
Movies
Television
Just For Fun
Miscellaneous
History
Literature
Language
Science
Gaming
Entertainment
Religion
Holiday
For Kids
Quiz Lab
Recent
Popular Today
Quiz Kudos Today
Editor Picks
Curator Picks
Quizzes by...
Day
Popularity
Type
Ratings
Length
Year
Community
Subscriptions
Recent Discussions
Orange Saloon
Badges
Playlists
Quests
Create
Leaderboards
Showdown
Live 5
Trivia Bingo
Activity
Puzzle Library
Sporcle Events
Private Events
Virtual Trivia
Globe League
Become a Host
Pub Owners
SporcleCon
Opinionation
Our Games
Videos
Blog
Mobile Apps
Partnerships
Remove Ads and Go Orange
Feedback
Sports
Athletes
MLB
NBA
NHL
NFL
Soccer
Sports Teams
WWE
NCAA
Football
Premier League
Basketball
Baseball
Hockey
Golf
Tennis
Cricket
Rugby
Auto Racing
Olympics
World Cup
Sports
Athletes
MLB
NBA
NHL
NFL
Soccer
Sports Teams
WWE
NCAA
Football
Premier League
Basketball
Baseball
Hockey
Golf
Tennis
Cricket
Rugby
Auto Racing
Olympics
World Cup
Random Quiz
Search Sporcle
×
Quiz Lab
Quiz Lab
Sports
Numbers
Type in answers that appear in a list
Type in answers that appear in a list
Classic
Best Score? Go Orange.
Pistons Opening Day Starting Lineups Stats
Can you name the Pistons Opening Day Starting Lineups since 1989?
By
DSwanson
6m
38 Questions
560 Plays
560 Plays
560 Plays
Comments
Comments
Give Quiz Kudos
Give Quiz Kudos
-
- Ratings
hide this ad
Replay
Link that replays current quiz
Next Quiz
Link to next quiz in quiz playlist
You Got
0%
They Got
Avg Score
40%
Avg Friend Score
Upgrade to see
Score Distribution
Jump to the score distribution portion of the page
Score
0/38
Timer
06:00
0
Plays Today
Number of Starts
Player
% Correct
6
Ben Wallace
98%
5
Rasheed Wallace
97.9%
5
Isaiah Thomas
96.1%
7
Chauncey Billups
95.7%
6
Richard Hamilton
94.5%
10
Joe Dumars
92.7%
6
Tayshaun Prince
89.8%
6
Grant Hill
84.6%
3
Bill Laimbeer
79.1%
1
Dennis Rodman
75.7%
3
Jerry Stackhouse
61.6%
5
Lindsey Hunter
57.7%
1
Amir Johnson
53.6%
2
Bison Dele
48.2%
1
John Salley
47.9%
1
Antonio McDyess
42.1%
3
Mark Aguirre
39.1%
1
James Edwards
35.9%
1
Chucky Atkins
27.7%
Number of Starts
Player
% Correct
2
Terry Mills
20.4%
1
Cliff Robinson
19.1%
3
Michael Curry
18.6%
1
Nazr Mohammed
18%
1
Christian Laettner
17.5%
1
Eldon Campbell
14.3%
1
Eric Montross
13.4%
2
Grant Long
12.5%
2
Otis Thorpe
12.3%
1
Aaron Afflalo
9.8%
1
Sean Elliott
8.9%
1
Don Reid
8.8%
1
Zeljko Rebraca
8.2%
2
Orlando Woolridge
7.7%
1
Dana Barros
7.7%
2
Olden Polynice
7.5%
2
Mark West
7.5%
1
Loy Vaught
6.4%
1
Billy Owens
4.5%
Quiz Playlist
Details
Report
Send in Message
Add To Playlist
Classic:
Type in answers that appear in a list
Quiz Source
Last Updated: Feb 16, 2017
Quiz Scoreboard
CHALLENGE
Sign Up to Join the Scoreboard
Show All
Scores
Hide
Comments
May contain spoilers
Recently Published
Pick 6: Fruits
by JohnFran
Miscellaneous
15s
Click the 1999 NBA Draft
by nibperrychub
Sports
2m
Alphabetical 'K' Countries by Flag Minefield
by ylime102
Geography
3m
More to Explore
Quiz From the Vault
Featured Blog Post
15 Basketball Trivia Facts You Can Be March Mad About
hide this ad
You Might Also Like...
Tags
Football Quiz
Numbers Quiz
1989
Detroit Pistons
Opening Day Lineups
Player
start
Starting
Today's Top Quizzes in Sports
Browse Sports
hide this ad
Today's Top Quizzes in Numbers
Browse Numbers
Top Contributed Quizzes in Sports
1
Don't Strike Out: 3000 Strikeouts
2
MLB 2 truths and a lie: Hall of Fame pitchers
3
Pick 6: NFL Teams
4
Criteria MLB: Left Handed Sluggers
5
MLB Players with Two .350 Batting Average Seasons
6
2022 World Cup Stars
7
Les joueurs à 100 buts en Ligue 1 Uber Eats
8
Millionaire: NBA Finals Edition
9
Pick 6: Minor League Baseball
10
Last 10 Members of the 500 HR Club in Order
Explore More
Trending Topics
Kpop
NBA
Anime
Marvel
Crossword
Disney
Harry Potter
Puzzle
Pokémon
NFL
Soccer
WWE
Country
Song
The Office
hide this ad
More By:
DSwanson
Quiz
Plays
Rating
Category
Featured
Created
NFL Leading Rusher in the Super Bowl
90,805
4.43
Sports
Oct 20, 2009
NFL Rookie Receiving Leaders 2000-2018
3,030
4.43
Sports
Nov 9, 2009
Pro Bowl QB's of the 1990's
1,382
4.29
Sports
Oct 20, 2009
Bourbon Distilleries on KY Bourbon Trail
988
4.50
Just For Fun
Oct 19, 2009
Number these players wore?
574
4.40
Sports
Nov 3, 2009
Go to Creator's Profile
Score Distribution
Quiz Creator Spotlight
DSwanson
Follow
Send a Message
Quizzes Created
-
Created Quiz Play Count
-
More By This Creator
Popular Quizzes Today
1
Find the US States - No Outlines Minefield
2
Countries of Asia Without Outlines Minefield
3
Pick 6: Fruits
4
The Countries of the World
5
Alphabetical 'K' Countries by Flag Minefield
6
Find the US States
7
Match the Book to the Film X
8
Click the 1999 NBA Draft
More Sports Quizzes
Triple Crown Winner Search
Published
Trending Quizzes
Pick 6: Harry Potter
Pick 6: Mountains
Pick 6: NFL Teams
Pick 6: Movie Franchises
Pick 6: Golfers
Recently Updated
Women's Final Four Teams by Year
bhenderson79
Presidents Quartet II
eogle
Anything But Clue(do)
eogle
Anything But Oceanian Capitals
eogle
Anything But 7
eogle
Anything But Thing
eogle
Word Ladder: February 29
pecheneg
Song Title Questions
pecheneg
Women's NCAA Tournament #1 Seeds
pecheneg
Celebrity Mug Shots
pecheneg
Trending Topics
Harry Potter
Anime
Crossword
NBA
Disney
Marvel
Kpop
Puzzle
Pokémon
NFL
Song
WWE
Country
The Office
Soccer
Your Account Isn't Verified!
In order to create a playlist on Sporcle, you need to verify the email address you used during registration. Go to your
Sporcle Settings
to finish the process.
Report this User
Report this user for behavior that violates our
Community Guidelines
.
Details:
Send Report
Go to the Sporcle.com Mobile Site →
Comments